| 000 | 00668nac a22001931u 4500 | ||
|---|---|---|---|
| 020 | _a8176565504 | ||
| 082 |
_a005.7/2 _bM9539 |
||
| 090 |
_c536 _d536 |
||
| 100 | _aMukhi, Vijay | ||
| 245 |
_aXML Web Services and SOAP / _bVijay Mukhi. |
||
| 260 |
_aNew Delhi : _bBPB Publications, _c[2000]. |
||
| 300 |
_a416 p. : _bill. ; _c22 cm. |
||
| 650 | _aXML (Document markup language) | ||
| 650 | _aXML | ||
| 700 | _aRamchnad, Vikram | ||
| 700 | _aMukhi, Sonal | ||
| 942 |
_cBB _k005.7/2M9539 |
||
| 999 |
_c536 _d536 |
||